Хозяева Эверона: роман

Λεπτομέρειες βιβλιογραφικής εγγραφής
Κύριος συγγραφέας: Диксон Г. Гордон
Άλλοι συγγραφείς: Берденников Н. (переводчик), Крылова Б.
Περίληψη:Земляне колонизируют одну звездную систему за другой, и экспансии их, похоже, нет и не будет конца. Эверон — похоже, всего лишь одна из планет на бесконечном пути новых хозяев Вселенной. Но — ВСЕГО ЛИШЬ? Или — ПОХОЖЕ? Космическая компания «грузов и перевозок» может, конечно, называться «Хозяева Эверона», однако кто же — ИСТИННЫЕ ХОЗЯЕВА Эверона? Быть можег, аборигены-маолоты — огромные разумные кошки? Аборигены, возможно, держащие в своих пушисто-коггистых лапах многие из ключей к тайнам Вселенной — тайнам, которые мечтает разрешить молодой ксснобиолог-землянин, взявший на воспитание маленького маолота?..
Γλώσσα:Ρωσικά
Έκδοση: Москва, АСТ, 2001
Σειρά:Современная фантастика
Координаты чудес
Θέματα:
Μορφή: Βιβλίο
KOHA link:https://koha.lib.tpu.ru/cgi-bin/koha/opac-detail.pl?biblionumber=670259

MARC

LEADER 00000nam0a2200000 4500
001 670259
005 20240415141019.0
010 |a 5-17-004964-1 
090 |a 670259 
100 |a 20240123d2001 m||y0rusy50 ca 
101 1 |a rus  |c eng 
102 |a RU 
105 |a y z 000ay 
181 0 |a i   |b  e  
182 0 |a n 
183 0 |a nc  |2 RDAcarrier 
200 1 |a Хозяева Эверона  |f Гордон Диксон  |d Masters of Everon  |e роман  |g пер. с англ. Н. Берденникова, Б. Крылова  
203 |a Текст  |b визуальный  |c непосредственный 
210 |a Москва  |c АСТ  |d 2001 
215 |a 316 с. 
225 1 |a Современная фантастика 
225 1 |a Координаты чудес 
283 |a volume  |2 RDAcarrier 
330 |a Земляне колонизируют одну звездную систему за другой, и экспансии их, похоже, нет и не будет конца. Эверон — похоже, всего лишь одна из планет на бесконечном пути новых хозяев Вселенной. Но — ВСЕГО ЛИШЬ? Или — ПОХОЖЕ? Космическая компания «грузов и перевозок» может, конечно, называться «Хозяева Эверона», однако кто же — ИСТИННЫЕ ХОЗЯЕВА Эверона? Быть можег, аборигены-маолоты — огромные разумные кошки? Аборигены, возможно, держащие в своих пушисто-коггистых лапах многие из ключей к тайнам Вселенной — тайнам, которые мечтает разрешить молодой ксснобиолог-землянин, взявший на воспитание маленького маолота?.. 
510 1 |a Masters of Everon  |z eng 
606 1 |a Американская литература (англо-язычная литература)  |9 52349 
610 1 |a художественная литература 
610 1 |a фэнтези 
610 1 |a фантастика 
610 1 |a романы 
610 1 |a приключения 
675 |a 82  |v 4  |z eng 
700 1 |a Диксон  |b Г.  |g Гордон 
702 1 |4 730  |a Берденников  |b Н. 
702 1 |4 730  |a Крылова  |b Б. 
801 0 |a RU  |b 63413507  |c 20240123  
942 |c BK